01148 a2200193 45000010006000000050017000060080041000230030015000640400040000790800039001192450016001580200022001742640034001963000019002305050520002491000027007697000032007968560126008281408420260407155446.0260407a2009 arg spa dAR-UNSa-BCEJYS aAR-UNSa-BCEJYSbspacAR-UNSa-BCEJYS a657.6xAuditoria (control interno)10aAuditoría a978-987-01-1009-5 1aBuenos Aires :bErreparc2009 a295 p.c27 cm. a1. Aspectos generales - 2. Caja y bancos e inversiones transitorias - 3. Ventas y créditos por ventas - 4. Compras y cuentas a pagar - 5. Otros créditos y otras deudas - 6. Bienes de cambio y costos - 7. Inversiones permanentes - 8. Bienes de uso e intangibles - 9. Deudas financieras - 10. Pasivos laborales y costos - 11. Deudas y cargas fiscales - 12. Deudas contingentes - 13. Patrimonio neto - 14. Estado de resultados y estado de flujo de efectivo - 15. Conclusión de auditoría - 16. Anexo informatico1 aLaguía, Ana Carolina1 aDe Carli, María Florencia41uhttps://biblioeco.unsa.edu.ar/pmb/images/libros/Auditor?a Lagu?a, Ana Carolina (2009).jpgyImagen de portadaqimage/jpeg